Tajnaja straža Rossii (Titelsatznr. 61594)
[ MARC ]
| 000 -Satzkennung | |
|---|---|
| Kontrollfeld mit fester Länge | 01164nad a22003493cc4500 |
| 001 - Kontrollnummer | |
| Kontrollfeld | BV047191279 |
| 003 - Kontrollnummer Identifier | |
| Kontrollfeld | DE-604 |
| 005 - Datum und Zeit der letzten Transaktion | |
| Kontrollfeld | 20230201125550.0 |
| 007 - Feld mit fester Länge zur physischen Beschreibung - Allgemeine Information | |
| Kontrollfeld mit fester Länge | tu |
| 008 - Feld mit fester Länge zur physischen Beschreibung - Allgemeine Angaben | |
| Kontrollfeld mit fester Länge | 210311s2020 a||| |||| 00||| rus d |
| 020 ## - Internationale Standardbuchnummer | |
| Internationale Standardbuchnummer | 9785907363038 |
| Verknüpfung | 978-5-907363-03-8 |
| 035 ## - Systemkontrollnummer | |
| System-Kontrollnummer | (OCoLC)1241675038 |
| 035 ## - Systemkontrollnummer | |
| System-Kontrollnummer | (DE-599)BVBBV047191279 |
| 040 ## - Katalogisierungsquelle | |
| Original-Katalogisierungsstelle | DE-604 |
| Katalogisierungssprache | ger |
| Übertragungsstelle | RU-10907106 |
| 041 0# - Sprachcode | |
| Sprachcode des Textes/der Tonspur oder des separaten Titels | rus |
| 245 10 - Titel | |
| Titel | Tajnaja straža Rossii |
| Zusatz zum Titel | očerki istorii otečestvennych organov gosbezopasnosti |
| Verfasserangabe etc. | Popov A.Ju. avtor-sotavitelʹ |
| Zählung des Teils/der Abteilung eines Werkes | Kniga 4 |
| 264 #1 - Produktion, Veröffentlichung, Distribution, Herstellung und Urheberrechtsvermerk | |
| Herstellungs-, Veröffentlichungs- Vertriebs-, Erzeugungsort | Moskva : |
| Produzent, Herausgeber, Distributor, Hersteller | Algoritm, |
| Datum der Herstellung, der Veröffentlichung, des Vertriebs oder des Urheberschutzvermerks | 2020. |
| 300 ## - Physische Beschreibung | |
| Umfang | 690 Seiten : |
| Andere physische Details | Illustrationen |
| 336 ## - Inhaltstyp | |
| Inhaltstypterm | Text |
| Inhaltstypcode | txt |
| Quelle | rdacontent |
| 337 ## - Medientyp | |
| Bezeichnung des Medientyps | ohne Hilfsmittel zu benutzen |
| Medientypcode | n |
| Quelle | rdamedia |
| 338 ## - Datenträgertyp | |
| Datenträgertypbezeichnung | Band |
| Datenträgertypcode | nc |
| Quelle | rdacarrier |
| 610 2# - Nebeneintragung unter einem Schlagwort - Körperschaftsname | |
| Körperschafts- oder Gebietskörperschaftsname als Eintragungselement | Sowjetunion Komitet Gosudarstvennoj Bezopasnosti |
| Koha-Normdatenidentnummer | 20107 |
| 648 ## - Nebeneintragung unter einem Schlagwort - Zeitschlagwort | |
| Zeitschlagwort | 1890-1956 |
| Koha-Normdatenidentnummer | 20108 |
| 650 #4 - Nebeneintragung unter einem Schlagwort - Sachschlagwort | |
| Sachschlagwort oder geografischer Name als Eintragungselement | Spionage |
| Koha-Normdatenidentnummer | 20109 |
| 650 #4 - Nebeneintragung unter einem Schlagwort - Sachschlagwort | |
| Sachschlagwort oder geografischer Name als Eintragungselement | Geheimdienst |
| Koha-Normdatenidentnummer | 20110 |
| 650 #4 - Nebeneintragung unter einem Schlagwort - Sachschlagwort | |
| Sachschlagwort oder geografischer Name als Eintragungselement | Innere Sicherheit |
| Koha-Normdatenidentnummer | 20111 |
| 651 #4 - Nebeneintragung unter einem Schlagwort - Geografischer Name | |
| Geografischer Name | Sowjetunion |
| Koha-Normdatenidentnummer | 20112 |
| 651 #4 - Nebeneintragung unter einem Schlagwort - Geografischer Name | |
| Geografischer Name | Russland |
| 700 1# - Nebeneintragung - Personenname | |
| Personenname | Popov, Aleksej Jurʹevič |
| Funktionsbezeichnung | Herausgeber |
| IDN des Normdatensatzes oder Standardnummer | (DE-588)1012954803 |
| Funktionsbezeichnungscode | edt |
| Koha-Normdatenidentnummer | 19252 |
| 773 08 - Übergeordnete Einheit | |
| Zählung und erste Seite | kniga4 |
| Datensatzkontrollnummer | BV045416337 |
| 942 11 - Zusätzliche Felder (Koha) | |
| Koha-Medientyp | Monographien |
| Klassifikation oder Aufstellungssystematik | Andere/Generische Klassifikation |
| Ausgeschieden | Verloren | Klassifikation oder Aufstellungssystematik | Beschädigt | Nicht entleihbar | Heimatbibliothek | Aufenthaltsbibliothek | Aufstellungsort | Erwerbungsdatum | Inventarnummer | Signatur | Barcode | Letzte Aktivität | Preis gültig von | Koha-Medientyp |
|---|---|---|---|---|---|---|---|---|---|---|---|---|---|---|
| Andere/Generische Klassifikation | MWN Osteuropa | MWN Osteuropa | Magazin - 2 | 01/02/2023 | 23-00631 | R 60 hd Pop 1 (4) | E0040108080125B9 | 01/02/2023 | 01/02/2023 | Monographien |